[Event "7th CHN-RUS Rapid"]
[Site "Ningbo CHN"]
[Date "2010.08.14"]
[Round "19"]
[White "Ni Hua"]
[Black "Vitiugov,N"]
[Result "1/2-1/2"]
[WhiteElo "2645"]
[BlackElo "2722"]

1.e4 e6 2.d4 d5 3.Nd2 Be7 4.e5 c5 5.c3 Nc6 6.Ndf3 Qb6 7.Bd3 cxd4 8.cxd4 Bb4+
9.Bd2 Nxd4 10.Nxd4 Qxd4 11.Bb5+ Ke7 12.Nf3 Bxd2+ 13.Qxd2 Qxd2+ 14.Kxd2 Bd7
15.Bd3 f6 16.Rac1 fxe5 17.Nxe5 Nf6 18.f4 Rac8 19.g4 Bc6 20.Rhe1 Rhd8 21.g5 Ne4+
22.Bxe4 dxe4+ 23.Ke3 Bd5 24.a3 a5 25.h4 h5 26.b4 axb4 27.axb4 Kf8 28.Red1 Ke7
29.Re1 Kf8 30.Red1 Ke7 31.Rf1 Ke8 32.Rg1 Ke7 33.Rgd1 Ke8 34.Rg1 Ke7 35.Rgf1 Ke8
36.Rfd1 Ke7 37.b5 Ke8 38.b6 Ke7 39.Rf1 Kf8 40.Rfe1 Ke8 41.Red1 Ke7 42.Rf1 Kf8
43.Rc7 Rxc7 44.bxc7 Rc8 45.f5 Rxc7 46.f6 gxf6 47.gxf6 Rc3+ 48.Kd4 Rf3 49.Rc1 Rxf6
50.Nd7+ Ke7 51.Nxf6 Kxf6 52.Rf1+ Kg6 53.Ke5 Kg7 54.Rg1+ Kf7 55.Rf1+ Kg7 56.Rg1+ Kf7
57.Rf1+ Kg7 58.Rg1+  1/2-1/2

[Event "14th HZ Open"]
[Site "Vlissingen NED"]
[Date "2010.08.14"]
[Round "9"]
[White "Zelbel,P"]
[Black "Erdos,V"]
[Result "1/2-1/2"]
[WhiteElo "2345"]
[BlackElo "2592"]

1.e4 e6 2.d4 d5 3.Nd2 Nc6 4.Ngf3 Nf6 5.e5 Nd7 6.c3 f6 7.Bb5 fxe5 8.dxe5 Be7
9.Nd4 Ndxe5 10.f4 a6 11.Qh5+ Kd7 12.Bxc6+ Nxc6 13.N2f3 Qe8 14.Qg4 Bf6 15.Be3 Nxd4
16.Bxd4 Qg6 17.Qxg6 hxg6 18.Ne5+ Bxe5  1/2-1/2

[Event "e2e4 Autumn Masters A"]
[Site "Uxbridge ENG"]
[Date "2010.08.15"]
[Round "9"]
[White "Player,E"]
[Black "Sowray,P"]
[Result "1-0"]
[WhiteElo "2176"]
[BlackElo "2383"]

1.e4 e6 2.d4 d5 3.Nd2 Nc6 4.Ngf3 g6 5.c3 Bg7 6.Bd3 Nh6 7.h4 dxe4 8.Nxe4 Nf5
9.h5 f6 10.g4 Nd6 11.hxg6 hxg6 12.Nxd6+ Qxd6 13.Bxg6+ Ke7 14.Rxh8 Bxh8 15.Qd3 Bd7
16.Bh5 f5 17.Bg5+ Bf6 18.Bxf6+ Kxf6 19.Qe3 f4 20.Qe4 Be8 21.Qh7  1-0

[Event "85th ch-FRA"]
[Site "Belfort FRA"]
[Date "2010.08.16"]
[Round "7"]
[White "Hamdouchi,H"]
[Black "Bricard,E"]
[Result "0-1"]
[WhiteElo "2600"]
[BlackElo "2478"]

1.e4 e6 2.d4 d5 3.Nd2 Be7 4.Bd3 c5 5.dxc5 Nf6 6.Qe2 O-O 7.Ngf3 Nfd7 8.Nb3 a5
9.a4 Na6 10.Be3 dxe4 11.Bxe4 Ndxc5 12.Nxc5 Nxc5 13.Bxc5 Bxc5 14.O-O Ra6 15.Rad1 Rd6
16.Rxd6 Qxd6 17.Rd1 Qb6 18.b3 Rd8 19.Bd3 Qc7 20.g3 b6 21.Be4 Rxd1+ 22.Qxd1 Qd6
23.Qxd6 Bxd6 24.Nd4 f5 25.Bc6 e5 26.Nb5 Bc5 27.Bd5+ Kf8 28.Na7 Bd7 29.Nc6 Bd6
30.c3 g5 31.b4 Bc7 32.f3 Kg7 33.Kf2 Kf6 34.Ke3 h5 35.Kd3 h4 36.Ke2 h3 37.Kf2 Be6
38.Bxe6 Kxe6 39.Ke3 b5 40.axb5 a4 41.Kd2 Kd7 42.c4 a3 43.Kc2 e4 44.fxe4 fxe4
45.Nd4 Bxg3 46.Nb3 Bxh2 47.Nc5+ Kc8 48.Nxe4 Be5  0-1

[Event "Negroponte Open"]
[Site "Chalkis GRE"]
[Date "2010.08.16"]
[Round "8"]
[White "Rozentalis,E"]
[Black "Rychagov,A"]
[Result "1-0"]
[WhiteElo "2631"]
[BlackElo "2538"]

1.e4 e6 2.d4 d5 3.Nd2 Be7 4.Ngf3 Nf6 5.e5 Nfd7 6.Bd3 c5 7.c3 b6 8.Qe2 a5
9.a4 Nc6 10.O-O O-O 11.Rd1 cxd4 12.cxd4 Nb4 13.Bb5 f6 14.exf6 Nxf6 15.Nb1 Ne4
16.Nc3 Bb7 17.Be3 Bd6 18.Ne5 Bxe5 19.dxe5 Nc5 20.Bxc5 bxc5 21.Ne4 c4 22.Nd6 Nd3
23.Rxd3 cxd3 24.Qxd3 Qb6 25.Rf1 Rad8 26.Qd2 Ba6 27.Rc1 Bxb5 28.axb5 Rb8 29.Rc6 Qa7
30.h3 a4 31.Ra6 Qc5 32.Rxa4 Ra8 33.b4 Qb6 34.Ra5 Ra7 35.Qe3 d4 36.Qb3 Re7
37.Ra6 Qc7 38.b6 Qc1+ 39.Kh2 Qe1 40.f4 Qf1 41.b5 Qxf4+ 42.Qg3 Qxg3+ 43.Kxg3 Rd7
44.Ra7 Rdd8 45.Ra1 Rd7 46.Rd1 Rb8 47.b7 Kf8 48.Rxd4 Ke7 49.Rf4 Rxd6 50.exd6+ Ke8
51.Rc4 Rxb7 52.Rc8+ Kd7 53.Rc7+  1-0

[Event "85th ch-FRA"]
[Site "Belfort FRA"]
[Date "2010.08.18"]
[Round "9"]
[White "Bacrot,E"]
[Black "Cornette,M"]
[Result "1/2-1/2"]
[WhiteElo "2720"]
[BlackElo "2543"]

1.e4 e6 2.d4 d5 3.Nd2 Nc6 4.Ngf3 Nf6 5.e5 Nd7 6.b3 f6 7.exf6 Qxf6 8.Bb2 Bd6
9.Bb5 O-O 10.O-O e5 11.Bxc6 bxc6 12.dxe5 Nxe5 13.Nxe5 Bxe5 14.Bxe5 Qxe5 15.c4 Qd4
16.Qe2 Bf5 17.Qe3 Qxe3 18.fxe3 Rae8 19.Rf3 Bd3 20.cxd5 cxd5 21.Rc1 Re7 22.Rc3 Ba6
23.Rxf8+ Kxf8 24.Nf3 Ke8 25.Kf2 Kd7 26.Rc5 Bb7 27.Rb5 Kc8 28.Ra5 a6 29.b4 Re6
30.Nd4 Rf6+ 31.Kg1 c6 32.Rc5 Kc7 33.Rc2 Kb6 34.g4 h6 35.h3 Bc8 36.a4 Bd7
37.a5+ Kc7 38.Kg2 Kd6 39.Nb3 Bc8 40.Nc5 Rf7 41.Rd2 Ke5 42.Rd1 Rf8 43.Kg3 Rf7
44.Re1 Kd6 45.e4 Re7 46.Kf4 g5+ 47.Ke3 Rf7 48.Kd4 Rf3 49.Re3 Rf1 50.e5+ Ke7
51.Nd3 Bd7 52.Kc5 Rb1 53.Rf3 Rb3 54.Kd4 c5+ 55.bxc5 Bb5 56.Re3 Ra3 57.c6 Bxc6
58.Nb4 Ra4 59.Kc5 Bb7 60.Nxd5+  1/2-1/2

[Event "46th Akiba Rubinstein Open A"]
[Site "Polanica Zdroj POL"]
[Date "2010.08.20"]
[Round "2"]
[White "Sadzikowski,D"]
[Black "Betkowski,A"]
[Result "1/2-1/2"]
[WhiteElo "2309"]
[BlackElo "2169"]

1.e4 e6 2.d4 d5 3.Nd2 a6 4.Ngf3 Nf6 5.e5 Nfd7 6.Bd3 c5 7.c3 Nc6 8.O-O g5
9.dxc5 g4 10.Nd4 Ndxe5 11.N2b3 Nxd3 12.Qxd3 e5 13.Re1 Bg7 14.Nxc6 bxc6 15.Nd4 Qd7
16.Bh6 Bxh6 17.Rxe5+ Kf8 18.Rae1 Bg7 19.Re7 Qxe7 20.Rxe7 Kxe7 21.Nxc6+ Kf8
22.Qxd5 Bf6 23.Nd4 Ra7 24.c6 Kg7 25.g3 Re7 26.Nf5+ Bxf5 27.Qxf5 h5 28.Kg2 Re5
29.Qd3 Rd8 30.Qf1 Re6 31.c7 Rc8 32.Qc4 Be5 33.Qe4 Rxc7 34.Qf5 Kh6 35.h3 gxh3+
36.Kxh3 Rce7 37.Kg2 Rd7 38.Kh3 Bf6 39.a4 Rdd6 40.b4 Rc6 41.Qf4+ Bg5 42.Qxf7 Rf6
43.Qg8 Rxc3  1/2-1/2

[Event "46th Akiba Rubinstein Open A"]
[Site "Polanica Zdroj POL"]
[Date "2010.08.20"]
[Round "2"]
[White "Musialkiewicz,J"]
[Black "Tomaszewska,L"]
[Result "1/2-1/2"]
[WhiteElo "2109"]
[BlackElo "1968"]

1.e4 e6 2.d4 d5 3.Nd2 Be7 4.Ngf3 Nf6 5.e5 Nfd7 6.Bd3 c5 7.c3 Nc6 8.O-O Qb6
9.dxc5 Qc7 10.b4 Ncxe5 11.Bb5 O-O 12.c4 a6 13.Bxd7 Bxd7 14.Nxe5 Qxe5 15.Rb1 Qf5
16.Qb3 dxc4 17.Nxc4 Bb5 18.Be3 Rad8 19.Rfd1 Qg4 20.Na5 Be2 21.Rxd8 Rxd8 22.h3 Qg6
23.Kh2 Rd7 24.Re1 Bd3 25.a4 Bd8 26.Nc4 Bc7+ 27.g3 h5 28.Qc3 Rd5 29.Nd6 Bc2
30.a5 Bxd6 31.cxd6 Rxd6 32.Qc8+ Kh7 33.Qxb7  1/2-1/2

[Event "Pan-Armenian Olym"]
[Site "Yerevan ARM"]
[Date "2010.08.20"]
[Round "6"]
[White "Hambardzumian,Y"]
[Black "Abrahamyan,T"]
[Result "0-1"]
[WhiteElo "2342"]
[BlackElo "2310"]

1.e4 e6 2.d4 d5 3.Nd2 Be7 4.Bd3 c5 5.dxc5 Nf6 6.Qe2 O-O 7.Ngf3 a5 8.O-O Na6
9.e5 Nd7 10.c4 Ndxc5 11.Bb1 b6 12.cxd5 exd5 13.Nd4 Nc7 14.Nc6 Qd7 15.Nxe7+ Qxe7
16.Re1 N7e6 17.Nf1 d4 18.Ng3 g6 19.Qg4 d3 20.Ne4 Nxe4 21.Qxe4 Ba6 22.Be3 Rad8
23.Rd1 Nc5 24.Qc6 Qe6 25.Qxe6 fxe6 26.a4 Rf5 27.f4 g5 28.g3 gxf4 29.Bxf4 Rd4
30.Be3 Rxa4 31.Ba2 Rxa2 32.Rxa2 Rxe5 33.Bxc5 Rxc5 34.b4 Rd5 35.bxa5 bxa5
36.Kf2 Bc4 37.Ra3 Re5 38.Rc3 Re2+ 39.Kf3 Bd5+ 40.Kf4 Be4 41.Rc7 d2 42.Rd7 Bd5
43.Rb1 Re4+ 44.Kg5 Rb4 45.Kf6 h5 46.Rd1 Rd4 47.h3 Rd3 48.g4 Rxh3 49.g5 Be4
50.R1xd2 Rf3+ 51.Ke5 Bd5 52.g6 Rf5+ 53.Kd6 a4 54.Rc2 a3 55.Rc8+ Rf8 56.Rcc7 Ra8
57.Rg7+ Kh8 58.Rh7+ Kg8 59.Rcg7+ Kf8 60.Rf7+ Kg8 61.Rfg7+ Kf8 62.Rc7 Kg8
63.Rhg7+ Kh8 64.Rh7+ Kg8 65.Rcg7+ Kf8 66.Rd7 Kg8 67.Rhg7+ Kh8 68.Rh7+ Kg8
69.Rxh5 Be4 70.Rdh7 Ra6+ 71.Ke5 a2 72.Rh8+ Kg7 73.R8h7+ Kxg6 74.Kf4 Kf6 75.Kxe4 Ra4+
76.Kd3 a1=Q  0-1

[Event "Open"]
[Site "Bratto ITA"]
[Date "2010.08.21"]
[Round "2"]
[White "Godena,M"]
[Black "Di Paolo,R"]
[Result "1/2-1/2"]
[WhiteElo "2548"]
[BlackElo "2350"]

1.e4 e6 2.d4 d5 3.Nd2 Be7 4.c3 dxe4 5.Nxe4 Nf6 6.Bd3 Bd7 7.Nf3 Nxe4 8.Bxe4 Bc6
9.Bxc6+ Nxc6 10.Qb3 Rb8 11.Bf4 O-O 12.Rd1 Bd6 13.Be3 a6 14.O-O Qf6 15.Qc2 Ne7
16.c4 c6 17.Bg5 Qg6 18.Qc1 Nf5 19.h3 h6 20.Bd2 Rbc8 21.Rfe1 Qf6 22.Bc3 Nh4
23.Nxh4 Qxh4 24.Qe3 Rfd8 25.Qf3 Qf4 26.Qxf4  1/2-1/2

[Event "TCh-SRB 1st League"]
[Site "Vrnjacka Banja SRB"]
[Date "2010.08.21"]
[Round "1"]
[White "Akopian,Vl"]
[Black "Sedlak,N"]
[Result "1/2-1/2"]
[WhiteElo "2691"]
[BlackElo "2557"]

1.e4 e6 2.d4 d5 3.Nd2 a6 4.Ngf3 Nf6 5.e5 Nfd7 6.c4 dxc4 7.Bxc4 Nb6 8.Bb3 Bd7
9.O-O Bc6 10.Bc2 Bd5 11.Ne4 Nc6 12.Be3 Qd7 13.Nfd2 O-O-O 14.Qh5 Qe8 15.Nc3 f5
16.Qxe8 Rxe8 17.Nxd5 Nxd5 18.Nf3 Be7 19.Rfc1 Rd8 20.Ba4 Nxe3 21.fxe3 Nb4
22.h4 c6 23.Bb3 Kd7  1/2-1/2

[Event "Open"]
[Site "Bratto ITA"]
[Date "2010.08.23"]
[Round "4"]
[White "Iordachescu,V"]
[Black "Dvirnyy,D"]
[Result "1-0"]
[WhiteElo "2623"]
[BlackElo "2457"]

1.e4 e6 2.d4 d5 3.Nd2 Nc6 4.Ngf3 Nf6 5.e5 Nd7 6.Nb3 Be7 7.Bd3 O-O 8.h4 f6
9.Ng5 fxg5 10.Bxh7+ Kxh7 11.hxg5+ Kg8 12.Qh5 Rf5 13.f4 Nf8 14.g4 g6 15.Qh8+ Kf7
16.Be3 b6 17.gxf5 exf5 18.Rh7+ Nxh7 19.Qxh7+ Kf8 20.Qh8+ Kf7 21.Qh7+ Kf8
22.Qxg6 Qe8 23.Qh7 Bd7 24.Qh8+ Kf7 25.Qh7+ Kf8 26.Qh8+ Kf7 27.Qh5+ Kg7 28.Qh6+ Kg8
29.g6 Bf6 30.Qh7+ Kf8 31.Kd2 Bg7 32.Bf2 Be6 33.Bh4 Bg8 34.Qh5 Qe6 35.c3 Rc8
36.Rg1 Ne7 37.Bf6 c5 38.Qh4 c4 39.Na1 Rc6 40.Qh5 Rc7 41.Rg5  1-0

[Event "Centenary IM"]
[Site "Dun Laoghaire IRL"]
[Date "2010.08.23"]
[Round "3"]
[White "Brady,S"]
[Black "Fitzsimons,D"]
[Result "1/2-1/2"]
[WhiteElo "2376"]
[BlackElo "2263"]

1.e4 e6 2.d4 d5 3.Nd2 a6 4.Bd3 c5 5.dxc5 Bxc5 6.Ngf3 Nc6 7.O-O Nf6 8.e5 Ng4
9.Nb3 Ba7 10.Bf4 f6 11.exf6 Qxf6 12.Bg5 Qf7 13.c4 O-O 14.Bh4 Qh5 15.Bg3 Bd7
16.h3 Nf6 17.Bd6 Rf7 18.Nbd2 Rd8 19.Nh2 Be8 20.c5 e5 21.Bc2 Nd4 22.Qxh5 Nxh5
23.Bd1 Nf4 24.Ng4 Ng6 25.Nb3 Nf5 26.Nxe5 Nxd6 27.Nxg6 Ne4 28.Ne5 Re7 29.Nd3 Bb5
30.Bc2 Nxc5 31.Nbxc5 Bxc5 32.Rfe1 Rxe1+ 33.Rxe1 Bd4 34.a4 Bxd3  1/2-1/2

[Event "46th Akiba Rubinstein Open A"]
[Site "Polanica Zdroj POL"]
[Date "2010.08.24"]
[Round "6"]
[White "Klepaczka,T"]
[Black "Khamidov,K"]
[Result "0-1"]
[WhiteElo "2108"]
[BlackElo "1938"]

1.e4 e6 2.d4 d5 3.Nd2 Nc6 4.Ngf3 Nf6 5.e5 Nd7 6.c3 f6 7.exf6 Qxf6 8.Be2 Bd6
9.O-O O-O 10.Qb3 Nb6 11.a4 a5 12.Bb5 Bd7 13.Re1 Rae8 14.Nf1 e5 15.Bxc6 bxc6
16.dxe5 Bxe5 17.Bg5 Qf7 18.Be3 Nc4 19.Nxe5 Rxe5 20.Bd4 Rg5 21.Qc2 Rxg2+ 22.Kxg2 Qf3+
23.Kg1 Bh3 24.Ne3 Rf4  0-1

[Event "6th Geller Memorial Open A"]
[Site "Odessa UKR"]
[Date "2010.08.26"]
[Round "6"]
[White "Shchuka,Fedor"]
[Black "Evdokimov,Alexa"]
[Result "0-1"]
[WhiteElo "1944"]
[BlackElo "2551"]

1.e4 e6 2.d4 d5 3.Nd2 Nc6 4.Ngf3 Nf6 5.e5 Nd7 6.Be2 f6 7.exf6 Qxf6 8.Nf1 Bd6
9.Bg5 Qf7 10.Ne3 Nb6 11.O-O O-O 12.c4 dxc4 13.Nxc4 Nxc4 14.Bxc4 Qh5 15.h4 h6
16.Be3 Ne7 17.Re1 b5 18.Bb3 Rf6 19.Bd2 Nf5 20.Re4 Kh8 21.Ne5 Qxd1+ 22.Rxd1 Bb7
23.Rg4 Nxd4 24.Ng6+ Kg8 25.Rxd4 Rxg6 26.g3 Bc5 27.Rd3 Be4 28.Rc3 Bd4 29.Rxc7 Rxg3+
30.Kh2 Rg2+ 31.Kh3 Rg6 32.f4 Bxb2 33.Be3 a5 34.Kh2 a4 35.Bc2 Rg2+  0-1

[Event "Centenary IM"]
[Site "Dun Laoghaire IRL"]
[Date "2010.08.27"]
[Round "7"]
[White "Brady,S"]
[Black "Short,P"]
[Result "1-0"]
[WhiteElo "2376"]
[BlackElo "2296"]

1.e4 e6 2.d4 d5 3.Nd2 Be7 4.Ngf3 Nf6 5.e5 Nfd7 6.Bd3 c5 7.c3 Nc6 8.O-O g5
9.dxc5 Ndxe5 10.Bb5 Bd7 11.Re1 Bxc5 12.Nb3 Nxf3+ 13.Qxf3 Be7 14.Bd3 Qc7 15.Qh5 Ne5
16.Bf1 O-O-O 17.Be3 f5 18.Bxa7 Bd6 19.Qe2 Ng6 20.g3 e5 21.c4 dxc4 22.Qxc4 Bc6
23.Rac1 e4 24.Red1 Rhe8 25.Nd4 Ne5 26.Qb3 e3 27.fxe3 Ng4 28.Nxc6 bxc6 29.Ba6+ Kd7
30.Qf7+ Re7 31.Qxf5+ Ke8 32.Bd4 Nxe3 33.Bxe3 Rxe3 34.Re1 Qe7 35.Rf1 Bb8 36.Bc4 Ba7
37.Kh1 Qe4+ 38.Qxe4+ Rxe4 39.Bf7+ Ke7 40.Rxc6 Rd2 41.Rc7+ Kd6 42.Rxa7 Ree2
43.Rf6+ Kc5 44.Rc7+ Kb4 45.a3+  1-0

[Event "46th Akiba Rubinstein Open A"]
[Site "Polanica Zdroj POL"]
[Date "2010.08.27"]
[Round "9"]
[White "Chrzaszcz,M"]
[Black "Klepaczka,T"]
[Result "1/2-1/2"]
[WhiteElo "2032"]
[BlackElo "2108"]

1.e4 e6 2.d4 d5 3.Nd2 Nc6 4.Ngf3 Nf6 5.e5 Nd7 6.Be2 f6 7.exf6 Qxf6 8.Nf1 Bd6
9.Ne3 O-O 10.O-O Qd8  1/2-1/2

[Event "46th Akiba Rubinstein Open A"]
[Site "Polanica Zdroj POL"]
[Date "2010.08.27"]
[Round "9"]
[White "Licznerski,L"]
[Black "Tomaszewska,L"]
[Result "1/2-1/2"]
[WhiteElo "2024"]
[BlackElo "1968"]

1.e4 e6 2.d4 d5 3.Nd2 Nc6 4.Ngf3 Nf6 5.e5 Ne4 6.Bd3 f5 7.exf6 Nxf6 8.c3 Bd6
9.Qe2 O-O 10.Ne5 Qe8 11.Ndf3 Qh5 12.h3 Bxe5 13.Nxe5 Nxe5 14.dxe5 Qxe2+ 15.Kxe2 Nd7
16.f4 c5 17.Be3 b6 18.b4 Bb7 19.bxc5 Nxc5 20.Bxc5 bxc5 21.Rab1 Bc6 22.g3 c4
23.Bc2 d4 24.cxd4 Bxh1 25.Rxh1 Rab8 26.Kd2 Rb2 27.Ra1 g6 28.Kc3 Rfb8 29.g4 Kf7
30.f5 gxf5 31.gxf5 exf5 32.d5 R8b5 33.Rd1 Rxa2 34.d6 Ke6 35.d7 Rb8 36.d8=Q Rxd8
37.Rxd8 Kxe5 38.Re8+ Kf4 39.Rf8 Ra3+ 40.Kb4 Rxh3 41.Bxf5 Rh4 42.Bxh7+ Ke3
43.Bg8 Rf4 44.Ra8 Kd3 45.Rd8+ Rd4 46.Bxc4+ Ke3 47.Re8+ Re4 48.Ra8 Re7 49.Rd8 Ke4
50.Kb5 Re5+ 51.Ka6 Rc5 52.Bd3+ Ke5 53.Kxa7 Rd5 54.Re8+ Kd4 55.Ba6 Re5 56.Rh8 Re6
57.Bb7 Rf6 58.Rc8 Rd6 59.Rc1 Ke5 60.Bc6 Rd2 61.Kb6 Kd6 62.Rh1 Rb2+ 63.Bb5 Rb3
64.Rd1+ Ke5 65.Kc5 Rc3+ 66.Bc4 Re3 67.Rd8 Ra3 68.Re8+ Kf4 69.Kd4 Ra4 70.Rf8+ Kg5
71.Kd5 Ra5+ 72.Ke6 Rc5 73.Bd5 Rc1 74.Ke5 Rc5 75.Rg8+ Kh5 76.Ke4 Kh6 77.Be6 Rg5
78.Ra8 Kg6 79.Ra6 Kg7 80.Bf5 Rg1 81.Ke5 Re1+ 82.Be4 Rf1 83.Rg6+ Kf7 84.Rh6 Ke7
85.Bf5 Re1+ 86.Kf4 Rf1+ 87.Ke5 Re1+ 88.Be4 Rf1 89.Re6+ Kd7 90.Rb6 Rc1 91.Rb2 Rc3
92.Rb1 Rc4 93.Rh1 Kc7 94.Rh6 Rc3 95.Rh7+ Kb6 96.Kd4 Rc7 97.Rh6+ Ka5 98.Bd3 Rc8
99.Bc4 Rb8 100.Ra6+ Kb4 101.Ra1 Rd8+ 102.Bd5 Rd7 103.Rb1+  1/2-1/2

[Event "Sants Open A"]
[Site "La Bordeta ESP"]
[Date "2010.08.28"]
[Round "9"]
[White "Parligras,M"]
[Black "Richter,Mic"]
[Result "1/2-1/2"]
[WhiteElo "2574"]
[BlackElo "2428"]

1.e4 e6 2.d4 d5 3.Nd2 Nc6 4.Ngf3 Nf6 5.e5 Nd7 6.Bd3 f6 7.Ng5 Ndxe5 8.dxe5 fxg5
9.Qh5+ g6 10.Bxg6+ Kd7 11.h4 Bg7 12.Bd3 Nxe5 13.hxg5 Nxd3+ 14.cxd3 b6 15.Nf3 Ba6
16.Qf7+ Qe7 17.Qxe7+ Kxe7 18.d4 Raf8 19.Rh4 Bd3 20.Bf4 c5 21.Rc1 c4 22.Ne5 Bxe5
23.Bxe5 Rhg8 24.f4 b5 25.Rc3 Bg6 26.Ra3 Ra8 27.Ra6 Rgc8 28.Rh3 Kd7 29.Rha3 b4
30.Rxa7+ Rxa7 31.Rxa7+ Kc6 32.Kd1 c3 33.Kc1 Kb6 34.Ra4 Kb5 35.Ra7 cxb2+ 36.Kxb2 Rc2+
37.Kb3 Rc3+ 38.Kb2 Rc2+ 39.Kb3 Rc3+  1/2-1/2

[Event "1st Campomanes Memorial Cup Open"]
[Site "Manila PHI"]
[Date "2010.08.28"]
[Round "1"]
[White "Causo,D"]
[Black "Gomez,Joh"]
[Result "1/2-1/2"]
[WhiteElo "2289"]
[BlackElo "2527"]

1.e4 e6 2.d4 d5 3.Nd2 Be7 4.Bd3 c5 5.dxc5 Nf6 6.Qe2 O-O 7.Ngf3 a5 8.a4 Na6
9.e5 Nd7 10.Nb3 Ndxc5 11.Nxc5 Nxc5 12.Bb5 Bd7 13.Be3 Bxb5 14.Qxb5 Qc7 15.O-O Rfc8
16.c4 Rd8 17.Rfc1 Rac8 18.cxd5 Rxd5 19.Bd2 b6 20.b4 axb4 21.Bxb4 h6 22.a5 bxa5
23.Bxa5 Qb8 24.Qc4 Qb7 25.Rab1 Qd7 26.Bb6 Ra8 27.Qe2 Nd3 28.Rc7 Qe8 29.Bd4 Nf4
30.Qe4 g5 31.g3 Ng6 32.Rc4 Ra4 33.Rbc1 Kg7 34.h3 Qb5 35.Rxa4 Qxa4 36.Re1 h5
37.Kg2 Qc4 38.Bb2 Qa2 39.Bd4 Qc4 40.Bb2 Qxe4 41.Rxe4 Rd1 42.Bd4  1/2-1/2

[Event "Sants Open A"]
[Site "La Bordeta ESP"]
[Date "2010.08.29"]
[Round "10"]
[White "Handke,F"]
[Black "Richter,Mic"]
[Result "1-0"]
[WhiteElo "2494"]
[BlackElo "2428"]

1.e4 e6 2.d4 d5 3.Nd2 Nc6 4.Ngf3 Nf6 5.e5 Nd7 6.Nb3 Be7 7.Bb5 a5 8.a4 Na7
9.Be2 b6 10.O-O O-O 11.Be3 Bb7 12.c4 dxc4 13.Bxc4 Nc6 14.Nc1 Nb4 15.Nd3 Nb8
16.Nf4 Nd5 17.Nh5 g6 18.Nf4 Na6 19.Bxd5 Bxd5 20.Nxd5 Qxd5 21.Qc1 c5 22.Rd1 Rad8
23.Bh6 Rfe8 24.Qf4 cxd4 25.Ng5 Bxg5 26.Bxg5 f6 27.Bxf6 Rd7 28.Ra3 Nc5 29.Rg3 Ne4
30.Rgd3 Rf8 31.Rxd4 Qxd4 32.Rxd4 Rxd4 33.h4 Rd1+ 34.Kh2 Nd2 35.h5 Nf1+ 36.Kh3 Rd3+
37.g3 Rd7 38.Qc4 Nd2 39.Qxe6+ Rdf7 40.Qd5  1-0

[Event "9th Georgiev-Kesarovski Mem"]
[Site "Sunny Beach BUL"]
[Date "2010.08.29"]
[Round "2"]
[White "Faibisovich,V"]
[Black "Yakimenko,A"]
[Result "1-0"]
[WhiteElo "2410"]
[BlackElo "2091"]

1.e4 e6 2.d4 d5 3.Nd2 Nc6 4.Ngf3 Nf6 5.e5 Nd7 6.Nb3 a5 7.a4 b6 8.Bf4 Be7
9.Bb5 Na7 10.Be2 c5 11.O-O O-O 12.c3 c4 13.Nbd2 Bb7 14.b3 cxb3 15.Qxb3 Nc6
16.Bb5 Rc8 17.Rfc1 Rc7 18.Bd3 Qa8 19.Qb1 g6 20.h4 Ba6 21.h5 Bxd3 22.Qxd3 Rfc8
23.Nf1 Ncb8 24.hxg6 hxg6 25.Ng5 Nf8 26.Nh2 Qa6 27.Qf3 Bxg5 28.Bxg5 Nh7 29.Bf6 Nd7
30.Ng4 Qc4 31.Qh3 Ndxf6 32.Nxf6+ Nxf6 33.exf6  1-0

[Event "TCh-SRB 1st League"]
[Site "Vrnjacka Banja SRB"]
[Date "2010.08.29"]
[Round "9"]
[White "Nevednichy,V"]
[Black "Antic,De"]
[Result "1/2-1/2"]
[WhiteElo "2592"]
[BlackElo "2504"]

1.e4 e6 2.d4 d5 3.Nd2 Be7 4.Ngf3 Nf6 5.e5 Nfd7 6.c4 c5 7.cxd5 exd5 8.Bd3 Nc6
9.O-O cxd4 10.Re1 Nc5 11.Bb5 Qb6 12.Nxd4 O-O 13.N2f3 Bd7 14.a4 a6  1/2-1/2

[Event "TCh-SRB 1st League"]
[Site "Vrnjacka Banja SRB"]
[Date "2010.08.31"]
[Round "11"]
[White "Carnic,S"]
[Black "Antic,De"]
[Result "0-1"]
[WhiteElo "2361"]
[BlackElo "2504"]

1.e4 e6 2.d4 d5 3.Nd2 Be7 4.Bd3 c5 5.dxc5 Nf6 6.exd5 exd5 7.Ngf3 O-O 8.O-O Bxc5
9.h3 Nc6 10.Nb3 Bb6 11.Bg5 h6 12.Bh4 g5 13.Bg3 Ne4 14.Bxe4 dxe4 15.Ne5 Qxd1
16.Rfxd1 Nxe5 17.Bxe5 Re8 18.Bd6 f5 19.Bc5 Bc7 20.Bd6 Bd8 21.Rd2 f4 22.Rad1 Bf5
23.Bc5 b6 24.Bb4 Bc7 25.Nd4 e3 26.Re2 Rad8 27.Ree1 Bg6 28.c3 a5 29.Ba3 Bh5
30.Rd3 Bf7 31.b3 b5 32.fxe3 Bg6 33.e4 Bb6 34.Kf1 Rxe4 35.Rxe4 Bxe4 36.Rd2 b4
37.Bb2 Kf7 38.cxb4 axb4 39.Ke1 h5 40.Nf3 Rxd2 41.Kxd2 Kg6 42.Ke2 g4 43.hxg4 hxg4
44.Ne1 Bc7 45.Bc1 Kf5 46.Bd2 Bb1 47.Kd1 Bd6 48.Nc2 Bxc2+ 49.Kxc2 Ke4 50.Be1 g3  0-1

[Event "ch-RUS Higher League"]
[Site "Irkutsk RUS"]
[Date "2010.09.02"]
[Round "7"]
[White "Grigoriants,S RUS"]
[Black "Obolenskikh,D"]
[Result "1-0"]
[WhiteElo "2564"]
[BlackElo "2466"]

1.e4 e6 2.d4 d5 3.Nd2 Be7 4.Ngf3 Nf6 5.Bd3 c5 6.exd5 Qxd5 7.dxc5 Nbd7 8.b4 a5
9.Bc4 Qh5 10.c3 Nd5 11.Bxd5 Qxd5 12.Bb2 axb4 13.cxb4 Rxa2 14.Rxa2 Qxa2 15.Qc1 Qa6
16.Qc4 Qxc4 17.Nxc4 b6 18.Nxb6 Nxb6 19.cxb6 f6 20.Ke2 Bb7 21.Rc1 Bd6 22.Bd4 Kd7
23.Bc5 Rc8 24.Nd4 Be5 25.Nb3 Bd5 26.Na5 g5 27.g3 h5 28.Ke3 h4 29.b7 Rg8 30.Bd4 Bxd4+
31.Kxd4 hxg3 32.hxg3 Rb8 33.Rc5 Bf3 34.Ke3 Bg2 35.f3 Bf1 36.b5 e5 37.Kf2 Bh3
38.b6 Kd6 39.Rc6+ Kd5 40.Rc7  1-0

[Event "7th LGA Premium Cup"]
[Site "Nuremberg GER"]
[Date "2010.09.02"]
[Round "1"]
[White "Walch,R"]
[Black "Stiller,J"]
[Result "0-1"]
[WhiteElo "1734"]
[BlackElo "2195"]

1.e4 e6 2.d4 d5 3.Nd2 a6 4.c3 c5 5.e5 cxd4 6.cxd4 Nc6 7.Ngf3 Nh6 8.Bd3 Be7
9.O-O Nf5 10.Nb3 O-O 11.g4 Nh4 12.Be3 f5 13.exf6 Nxf3+ 14.Qxf3 Bxf6 15.Qh3 g6
16.Rad1 Qe7 17.Qg2 Bg7 18.f4 a5 19.Bb1 a4 20.Nc1 Bd7 21.Rf3 Rac8 22.h4 Nxd4
23.Rh3 e5 24.Bxd4 exd4 25.Nd3 Qe4 26.Rf3 Qe6 27.f5 gxf5 28.Re1 Qd6 29.gxf5 Bxf5
30.Rg3 Rc7 31.Re5 Qxe5 32.Nxe5 Rc1+  0-1

[Event "9th Georgiev-Kesarovski Mem"]
[Site "Sunny Beach BUL"]
[Date "2010.09.02"]
[Round "6"]
[White "Popovic,AM"]
[Black "Markidis,K"]
[Result "0-1"]
[WhiteElo "2244"]
[BlackElo "2342"]

1.e4 e6 2.d4 d5 3.Nd2 Be7 4.Bd3 c5 5.dxc5 Nf6 6.exd5 Qxd5 7.Ngf3 Qxc5 8.O-O Nbd7
9.a4 Qc7 10.Nd4 a6 11.Re1 Ne5 12.Bf1 O-O 13.Qe2 Ng6 14.Qf3 Bc5 15.c3 e5 16.Nf5 Nf4
17.Ne3 Be6 18.Bc4 Bxe3 19.fxe3 Bxc4 20.exf4 Bd5 21.Qf1 exf4 22.c4 Bc6 23.b4 Ng4
24.Ne4 f3 25.g3 Bxe4 26.Rxe4 f5 27.Rd4 f2+ 28.Kg2 Rad8 29.Rd5 Rxd5 30.cxd5 Qe5  0-1

[Event "FSGM September"]
[Site "Budapest HUN"]
[Date "2010.09.04"]
[Round "1"]
[White "Varga,Zo"]
[Black "Poetsch,H"]
[Result "1/2-1/2"]
[WhiteElo "2449"]
[BlackElo "2395"]

1.e4 e6 2.d4 d5 3.Nd2 Be7 4.Qg4 Nf6 5.Qxg7 Rg8 6.Qh6 dxe4 7.Qe3 c5 8.dxc5 Qd5
9.Nb3 Nbd7 10.Ne2 Nxc5 11.Nc3 Qe5 12.Qf4 Qxf4 13.Bxf4 Nd5 14.Nxd5 exd5 15.O-O-O Nxb3+
16.axb3 Bg5 17.Bxg5 Rxg5 18.f4 exf3 19.gxf3 Be6 20.f4 Rh5 21.h4 O-O-O 22.Rd4 Rg8
23.Be2 Bg4 24.Bd3 Bf3 25.Rh3 Rg1+ 26.Kd2 Bg4 27.Rh2 Kc7 28.f5 Kc6 29.c4 dxc4
30.Be4+ Kb6 31.Rd6+ Kc7 32.Rf6 cxb3 33.Ke3 Rf1 34.Rxf7+ Kb6 35.Rxb7+ Ka6
36.Rxb3 Re1+ 37.Kf4 Bxf5 38.Bf3 Be6 39.Be2+ Rxe2 40.Ra3+ Kb6 41.Rxe2 Rxh4+
42.Kg5 Rg4+ 43.Kh6 Bg8 44.Re7 Rg6+ 45.Kh5 a6 46.Ra4 Rg2 47.Rb4+ Ka5 48.Rb8 Bc4
49.Re3 Bb5 50.b3 Kb4 51.Rf8 Rb2 52.Rf4+ Ka3 53.b4+ Ka4 54.Re1 Ka3 55.Ree4 Ka4
56.Kh6 a5 57.bxa5+ Kxa5 58.Re5 Rb4 59.Rf8 Ka4 60.Kxh7 Bd3+ 61.Kg7 Rg4+ 62.Kh6 Kb4
63.Kh5 Rg2 64.Rc8 Rg3 65.Kh4 Rg7 66.Rd5 Ba6 67.Rc1 Rg6 68.Kh5 Rg2 69.Rd4+ Kb3
70.Rd6 Be2+ 71.Kh4 Rg4+ 72.Kh3 Rc4 73.Rb6+ Ka2 74.Rcb1 Rc3+ 75.Kg2 Bc4 76.R6b2+ Ka3
77.Rd2 Rd3 78.Rc2 Bb3 79.Rc7 Ka2 80.Re1 Ka3 81.Kf2 Rh3 82.Rb7 Ka2 83.Re2+ Ka3
84.Re8 Kb2 85.Re2+ Ka3 86.Re3 Rxe3 87.Kxe3 Ka2 88.Kd2 Bg8 89.Rg7 Be6 90.Kc3 Ka1
91.Rg1+ Ka2 92.Re1 Bg8 93.Re8 Bf7 94.Re7 Bg6 95.Rg7 Bf5 96.Rg2+ Ka1  1/2-1/2

[Event "17th Open A"]
[Site "Graz AUT"]
[Date "2010.09.04"]
[Round "8"]
[White "Brunner,G"]
[Black "Matosec,T"]
[Result "1/2-1/2"]
[WhiteElo "1992"]
[BlackElo "2088"]

1.e4 e6 2.d4 d5 3.Nd2 Nc6 4.c3 e5 5.exd5 Qxd5 6.Ngf3 exd4 7.Bc4 Qh5 8.Nxd4 Qxd1+
9.Kxd1 Nxd4 10.cxd4 Bg4+ 11.f3 Bh5 12.Re1+ Be7 13.Kc2 O-O-O 14.Kc3 Bf6 15.Nb3 h6
16.Bf4 g5 17.Be5 Rh7 18.Re3 Bxe5 19.Rxe5 f6 20.Be6+ Kb8 21.Bxg8 Rxg8 22.Re6 f5
23.Rae1 b6 24.Rf6 f4 25.Ree6 Rgh8 26.Kd3 Bf7 27.Re5 Bxb3 28.axb3 Rd7 29.Ke4 a5
30.d5 Kb7 31.Rfe6 Ka6 32.Re7 Rhd8 33.Rxd7 Rxd7 34.Re6 Kb5 35.Rxh6 Kb4 36.Rc6 Kxb3
37.Ke5 Kxb2 38.Ke6 Rh7 39.Kf5 a4 40.d6 cxd6 41.Rxb6+ Kc3 42.Rxd6 Rxh2 43.Ra6 Kb3  1/2-1/2

[Event "7th Malaysia Open"]
[Site "Kuala Lumpur MAS"]
[Date "2010.09.04"]
[Round "6"]
[White "Xu Yuhua"]
[Black "Guo Qi"]
[Result "1/2-1/2"]
[WhiteElo "2475"]
[BlackElo "2167"]

1.e4 e6 2.d4 d5 3.Nd2 Be7 4.Bd3 c5 5.dxc5 Nf6 6.Qe2 a5 7.Ngf3 O-O 8.O-O Na6
9.e5 Nd7 10.c3 Naxc5 11.Bc2 b6 12.Re1 f6 13.exf6 Bxf6 14.Nf1 e5 15.Qd1 Bb7
16.Ne3 e4 17.Nd4 Ne5 18.Ng4 Qd7 19.Nxe5 Bxe5 20.Be3 Ba6 21.Qh5 Rae8 22.Nb3 g6
23.Qd1 Qd6 24.h4 Rd8 25.Qd2 a4 26.Nxc5 bxc5 27.Bxa4 Bd3 28.Bc2 c4 29.Bxd3 cxd3
30.a4 Rb8 31.a5 d4 32.cxd4 Bxd4 33.Ra2 Rfc8 34.Bxd4 Qxd4 35.Qf4 Rf8 36.Qd2 Rfc8
37.Qf4 Rf8 38.Qd2 Rfc8  1/2-1/2